[Event "49th TCh-ESP Honor Final"]
[Site "Merida ESP"]
[Date "2005.09.11"]
[Round "2"]
[White "Malakhov,V"]
[Black "Mamedyarov,S"]
[Result "1/2-1/2"]
[WhiteElo "2673"]
[BlackElo "2646"]

1.d4 Nf6 2.c4 g6 3.Nc3 d5 4.cxd5 Nxd5 5.Bd2 Bg7 6.e4 Nb6 7.Be3 O-O 8.Bb5 f5
9.Nge2 fxe4 10.Nxe4 c6 11.Bd3 Nd5 12.Bg5 Nd7 13.O-O N7f6 14.Qd2 Nxe4 15.Bxe4 Bf5
16.Ng3 Bxe4 17.Nxe4 Nc7 18.Rad1 Ne6 19.Bh6 Bxh6 20.Qxh6 Qd7 21.Nc5 Nxc5 22.dxc5 Qe6
23.a3 Rad8 24.Rde1 Qf6 25.Qe3 Rd7 26.Re2 Rfd8 27.Rfe1 Qf7 28.h3 Qf6 29.Qb3+ Qf7
30.Qb4 Rf8 31.h4 Qf6 32.Qb3+ Rf7 33.Qg3 Kf8 34.b4 Qf4 35.Qh3 Qf5 36.Qb3 Qd3
37.Qe6 Qf5 38.Qa2 Qd5 39.Qc2 Qd3 40.Qc1 Rd5 41.g3 Qd4 42.Qc2 Qd3 43.Qb2 Qd4
44.Qc2 Qd3 45.Qb2 Qd4 46.Qc2 a5 47.Re4 Qd2 48.Qxd2 Rxd2 49.f4 Rd3  1/2-1/2

[Event "6th YM"]
[Site "Lausanne SUI"]
[Date "2005.09.14"]
[Round "1.1"]
[White "Mamedyarov,S"]
[Black "Vachier Lagrave,M"]
[Result "1-0"]
[WhiteElo "2646"]
[BlackElo "2527"]

1.d4 Nf6 2.c4 g6 3.Nf3 Bg7 4.g3 O-O 5.Bg2 d5 6.cxd5 Nxd5 7.O-O Nb6 8.Nc3 Nc6
9.d5 Na5 10.Qc2 c6 11.dxc6 Nxc6 12.Rd1 Bd7 13.Be3 Nc4 14.Bf4 Rc8 15.Qc1 Qe8
16.Bh6 Bxh6 17.Qxh6 f6 18.b3 Nd6 19.Qf4 Nf5 20.Qd2 Rd8 21.e4 Bc8 22.Qe2 Ng7
23.e5 Qf7 24.Rxd8 Rxd8 25.h3 Ne6 26.Qe3 Nc7 27.Re1 Bf5 28.Qc5 Rd3 29.exf6 exf6
30.Nh4 Bd7 31.Ne4 Kg7 32.Qc2 Rd4 33.Nc5 Nb4 34.Qb2 Rd6 35.Nxb7 Ra6 36.Qd2 Nxa2
37.Nd8  1-0

[Event "6th YM"]
[Site "Lausanne SUI"]
[Date "2005.09.15"]
[Round "1.2"]
[White "Vachier Lagrave,M"]
[Black "Mamedyarov,S"]
[Result "0-1"]
[WhiteElo "2527"]
[BlackElo "2646"]

1.e4 e5 2.Nf3 Nc6 3.Bb5 a6 4.Ba4 Nf6 5.O-O Be7 6.Re1 b5 7.Bb3 d6 8.c3 O-O
9.h3 Na5 10.Bc2 c5 11.d4 Nd7 12.Nbd2 cxd4 13.cxd4 Nc6 14.Nb3 a5 15.Be3 a4
16.Nbd2 exd4 17.Nxd4 Nxd4 18.Bxd4 Ne5 19.Nb1 Be6 20.Nc3 Qa5 21.f4 Nc6 22.Be3 a3
23.Nd5 Bxd5 24.exd5 axb2 25.Rb1 Nb4 26.Rxb2 Nxc2 27.Rxc2 Bf6 28.Ree2 b4 29.Rc6 Rfe8
30.Qd3 h6 31.Bb6 Qa4 32.Rf2 Qa3 33.Qxa3 Rxa3 34.Rfc2 Rea8 35.R2c4 Rxa2 36.Rxb4 Rd2
37.Be3 Rxd5 38.Kf2 Ra2+ 39.Kf3 Ra3 40.Rb8+ Kh7 41.Rcc8 Rdd3 42.Rh8+ Kg6 43.Kg4 Ra4
44.Rbe8 Be5  0-1

[Event "6th YM"]
[Site "Lausanne SUI"]
[Date "2005.09.19"]
[Round "3.4"]
[White "Harikrishna,P"]
[Black "Mamedyarov,S"]
[Result "1/2-1/2"]
[WhiteElo "2645"]
[BlackElo "2646"]

1.d4 Nf6 2.Nf3 g6 3.Bg5 Bg7 4.Nbd2 O-O 5.e4 d5 6.exd5 Nxd5 7.Nb3 h6 8.Bd2 Nd7
9.c4 N5b6 10.Bf4 c5 11.d5 Na4 12.Rb1 b5 13.cxb5 Ndb6 14.Be5 Qxd5 15.Qxd5 Nxd5
16.Bd3 Be6 17.O-O Nb4 18.Be4 Rad8 19.Na5 f6 20.a3 Nd5 21.Bg3 f5 22.Bc2 Nxb2
23.Be5 Bxe5 24.Nxe5 Na4 25.Bxa4 Nc3 26.Bb3 c4 27.Bxc4 Bxc4 28.Naxc4 Nxb1
29.Rxb1 Rd4 30.g3 Rc8 31.Rb4 Rc5 32.b6 axb6 33.Rxb6 Rdxc4 34.Nxc4 Rxc4 35.Rxg6+ Kf7
36.Rb6 Rc1+ 37.Kg2 Ra1 38.Rb3 e5 39.Kf3 Ra2 40.h3 h5 41.Ke3 Kf6 42.Rb6+ Kf7
43.Ra6 Rb2 44.Ra5 Kf6 45.Ra6+ Kf7 46.Kf3 Rb3+ 47.Kg2 e4 48.a4 Rb2 49.Kf1 h4
50.g4 f4 51.g5 f3 52.Rf6+ Kg7 53.Ke1 Re2+ 54.Kf1 Ra2 55.Ke1 Rxa4 56.Rf4 Kg6
57.Rg4 Ra1+ 58.Kd2 Ra2+ 59.Ke1 Ra4 60.Kd2 Ra2+ 61.Ke1 e3 62.fxe3 Rh2 63.Rxh4 Kxg5
64.Rg4+ Kh5 65.Kf1 Rxh3 66.Rf4  1/2-1/2

[Event "6th YM"]
[Site "Lausanne SUI"]
[Date "2005.09.19"]
[Round "3.2"]
[White "Harikrishna,P"]
[Black "Mamedyarov,S"]
[Result "1/2-1/2"]
[WhiteElo "2645"]
[BlackElo "2646"]

1.e4 e5 2.Nf3 Nf6 3.Nxe5 d6 4.Nf3 Nxe4 5.Nc3 Nxc3 6.dxc3 Be7 7.Bf4 O-O 8.Qd2 Nd7
9.O-O-O Nc5 10.Nd4 Re8 11.f3 Ne6 12.Be3 Bg5 13.Bxg5 Qxg5 14.Qxg5 Nxg5 15.Bc4 Ne6
16.Rhe1 Kf8 17.Nxe6+ Bxe6 18.Bxe6 Rxe6 19.Rxe6 fxe6 20.Kd2 Ke7 21.Ke3 Rf8
22.Rd4 Rf5 23.h4 a5 24.a4 Rh5 25.g3 Re5+ 26.Re4 Rd5 27.Rd4 Re5+ 28.Re4 Rd5  1/2-1/2

[Event "6th YM"]
[Site "Lausanne SUI"]
[Date "2005.09.19"]
[Round "3.5"]
[White "Mamedyarov,S"]
[Black "Harikrishna,P"]
[Result "1-0"]
[WhiteElo "2646"]
[BlackElo "2645"]

1.d4 Nf6 2.c4 e6 3.Nf3 Bb4+ 4.Bd2 Qe7 5.g3 O-O 6.Bg2 Bxd2+ 7.Qxd2 Qb4 8.e3 Nc6
9.a3 e5 10.d5 Qe7 11.c5 Nb8 12.b4 a5 13.O-O axb4 14.axb4  1-0

[Event "Blitz Match"]
[Site "Baku AZE"]
[Date "2005.11.04"]
[Round "1"]
[White "Kasimdzhanov,R"]
[Black "Mamedyarov,S"]
[Result "1/2-1/2"]
[WhiteElo "2670"]
[BlackElo "2674"]


1.e4 Nf6 2.e5 Nd5 3.d4 d6 4.Nf3 dxe5 5.Nxe5 c6 6.Bc4 Nd7 7.Nf3 N7b6 8.Bb3 a5
9.c3 Bg4 10.h3 Bh5 11.O-O e6 12.Re1 Be7 13.a3 O-O 14.Nbd2 Qc7 15.Ne4 Rad8
16.Ng3 Bg6 17.Ne5 c5 18.Nxg6 hxg6 19.dxc5 Bxc5 20.Qf3 Bd6 21.Ne4 Bf4 22.c4 Bxc1
23.cxd5 Bxb2 24.dxe6 fxe6 25.Qg4 Qf4 26.Qxg6 Bxa1 27.Rxa1 Qh6 28.Bxe6+ Kh8
29.Qxh6+ gxh6 30.Rb1 Nd5 31.Rxb7 Nf4 32.Bg4 h5 33.Bf3 Nxh3+ 34.Kh2 Nf4 35.Ng5 Kg8
36.Rb5 a4 37.Ra5 Rd4 38.g3 Nd3 39.Bd5+ Kh8 40.f4 h4 41.Ne6 hxg3+ 42.Kxg3 Rg8+
43.Kf3 Ne1+ 44.Kf2 Rd3 45.Ng5 Re8 46.Be4 Rd4 47.Bg6 Nd3+ 48.Bxd3 Rxd3 49.Rxa4 Rb8
50.Re4 Rb2+ 51.Re2  1/2-1/2

[Event "Blitz Match"]
[Site "Baku AZE"]
[Date "2005.11.04"]
[Round "3"]
[White "Kasimdzhanov,R"]
[Black "Mamedyarov,S"]
[Result "0-1"]
[WhiteElo "2670"]
[BlackElo "2674"]


1.e4 e5 2.Nf3 Nf6 3.Nxe5 d6 4.Nf3 Nxe4 5.d4 d5 6.Bd3 Bd6 7.O-O O-O 8.c4 c6
9.Re1 Re8 10.Nc3 Nxc3 11.bxc3 Rxe1+ 12.Qxe1 h6 13.Ne5 Qf6 14.Bd2 Bf5 15.Bf1 Nd7
16.f4 Qe6 17.h3 Bxe5 18.fxe5 dxc4 19.Qg3 b5 20.Be2 Nb6 21.Rf1 Qg6 22.Qh4 Nd5
23.Bh5 Qe6 24.Bxf7+ Qxf7 25.g4 Ne7 26.gxf5 Nxf5 27.Qg4 Rf8 28.Kh2 Ne3 29.Bxe3 Qxf1
30.e6 Qf6 31.h4 Re8 32.d5 Qe5+ 33.Bf4 Qxd5 34.Bxh6 Qd8  0-1

[Event "Blitz Match"]
[Site "Baku AZE"]
[Date "2005.11.04"]
[Round "4"]
[White "Mamedyarov,S"]
[Black "Kasimdzhanov,R"]
[Result "1/2-1/2"]
[WhiteElo "2674"]
[BlackElo "2670"]


1.d4 Nf6 2.Nf3 g6 3.g3 Bg7 4.Bg2 O-O 5.O-O d6 6.b3 a5 7.Bb2 a4 8.c4 c6 9.Qc1 axb3
10.axb3 Rxa1 11.Bxa1 Na6 12.Nbd2 d5 13.Ne5 Be6 14.Qa3 Qd6 15.Qa5 Nd7 16.Nxc6 bxc6
17.Qxa6 Qb4 18.Rd1 Bg4 19.cxd5 cxd5 20.Bxd5 Nb6 21.Bf3 Bxf3 22.Nxf3 Qxb3
23.Qd3 Qa2 24.Bc3 Rc8 25.Ra1 Qb3 26.Rb1 Qxc3 27.Qxc3 Rxc3 28.Rxb6 Bf6 29.e3 Kg7
30.Nd2 e5 31.Ne4 Rc1+ 32.Kg2 Bd8 33.Rb8 Bc7 34.Rc8 exd4 35.exd4 Bf4 36.Ra8 Bc7
37.Ra7 Bb6 38.Rd7 Rc7 39.Rxc7 Bxc7 40.Kf3 Kf8 41.Nf6 h6 42.Ke4 Ba5 43.d5 Ke7
44.Ng8+ Kf8 45.Nxh6 Kg7 46.Nf5+ gxf5+ 47.Kxf5 Bb6 48.f4 Bg1 49.h3 Bf2 50.g4 Be3
51.g5 Bf2 52.d6 Kf8 53.Ke5 Bg3 54.Ke4 Ke8 55.Kf3 Be1 56.f5 Kd7 57.Kg4 Kxd6
58.h4 Ke7 59.h5 Kf8 60.f6 Bc3 61.Kf5 Kg8 62.Ke4  1/2-1/2

[Event "Blitz Match"]
[Site "Baku AZE"]
[Date "2005.11.04"]
[Round "5"]
[White "Mamedyarov,S"]
[Black "Kasimdzhanov,R"]
[Result "1/2-1/2"]
[WhiteElo "2674"]
[BlackElo "2670"]


1.d4 Nf6 2.Nf3 d5 3.c4 c6 4.Nc3 a6 5.a4 e6 6.Bg5 a5 7.e3 Be7 8.Rc1 Na6 9.cxd5 exd5
10.Bd3 Nb4 11.Bb1 Be6 12.O-O Nd7 13.Bf4 O-O 14.Re1 Re8 15.e4 Nf8 16.Bg3 dxe4
17.Nxe4 Bd5 18.Nc5 b6 19.Nd3 Ne6 20.Nfe5 f6 21.Nf3 Bxf3 22.Qxf3 Nxd4 23.Qd1 Qd7
24.Rc4 c5 25.Nf4 f5 26.Rc1 Bd6 27.Kh1 Rxe1+ 28.Qxe1 Re8 29.Qf1 Qf7 30.Rd1 Kh8
31.h3 g5 32.Ne2 f4 33.Nxd4 cxd4 34.Bh2 Bc5 35.f3 Nd5 36.Qc4 Qe6 37.Bg1 Ne3
38.Qd3 Qf7 39.Rc1 Kg8 40.Qb5 Re7 41.Be4 Nf5 42.Qc6 Ng3+ 43.Kh2 Nxe4 44.fxe4 f3
45.Qc8+ Kg7 46.Qg4 f2 47.Qxg5+ Kh8 48.Bxf2 Qxf2 49.Rxc5 bxc5 50.Qxe7 Qf4+
51.Kg1 Qe3+ 52.Kf1 Qf4+ 53.Ke1 Qe3+ 54.Kd1  1/2-1/2

[Event "Blitz Match"]
[Site "Baku AZE"]
[Date "2005.11.04"]
[Round "7"]
[White "Kasimdzhanov,R"]
[Black "Mamedyarov,S"]
[Result "0-1"]
[WhiteElo "2670"]
[BlackElo "2674"]


1.e4 e5 2.Nf3 Nf6 3.Nxe5 d6 4.Nf3 Nxe4 5.Nc3 Nxc3 6.dxc3 Be7 7.Be3 O-O 8.Qd2 Nc6
9.O-O-O Ne5 10.h4 Re8 11.h5 Ng4 12.Bd3 Nxe3 13.Qxe3 Bf6 14.Qf4 h6 15.Kb1 Bd7
16.Rde1 Rxe1+ 17.Rxe1 d5 18.g4 c6 19.Nd4 Bg5 20.Qg3 Qb8 21.Qxb8+ Rxb8 22.Bf5 Bxf5
23.Nxf5 Kf8 24.a4 g6 25.Ng3 Bh4 26.hxg6 fxg6 27.Rh1 Bxg3 28.fxg3 Kg7 29.Re1 Kf6
30.Ka2 Kg5 31.Re6 a6 32.a5 Rg8 33.Re7 Kxg4 34.Rxb7 Kxg3 35.Rb6 h5 36.Rxa6 h4
37.Rxc6 h3 38.Re6 h2 39.Re1 Kf2 40.Rd1 g5 41.b4 g4 42.b5 g3 43.b6 g2  0-1

[Event "Blitz Match"]
[Site "Baku AZE"]
[Date "2005.11.04"]
[Round "8"]
[White "Mamedyarov,S"]
[Black "Kasimdzhanov,R"]
[Result "1/2-1/2"]
[WhiteElo "2674"]
[BlackElo "2670"]


1.d4 d5 2.c4 c6 3.Nc3 Nf6 4.Nf3 a6 5.e3 e6 6.b3 Nbd7 7.Bd3 Bb4 8.Bd2 O-O
9.O-O Bd6 10.Qc2 h6 11.h3 Qe7 12.e4 dxc4 13.Bxc4 e5 14.dxe5 Nxe5 15.Nxe5 Bxe5
16.Rae1 b5 17.Be2 Bb7 18.Be3 Qb4 19.Rc1 Rad8 20.Bf3 Rfe8 21.Ne2 Qe7 22.Rfd1 Qc7
23.Nd4 c5 24.Qxc5 Qxc5 25.Rxc5 Bxe4 26.Bxe4 Nxe4 27.Rcc1 Bf6 28.Nc6 Rxd1+
29.Rxd1 Rc8 30.Nb4 Nc3 31.Rd2 a5 32.Nd5 Nxd5 33.Rxd5 Rc2 34.Rxb5  1/2-1/2

[Event "Blitz Match"]
[Site "Baku AZE"]
[Date "2005.11.04"]
[Round "9"]
[White "Kasimdzhanov,R"]
[Black "Mamedyarov,S"]
[Result "1/2-1/2"]
[WhiteElo "2670"]
[BlackElo "2674"]


1.e4 e5 2.Bc4 Nf6 3.d3 c6 4.Nf3 Be7 5.O-O Qc7 6.Re1 O-O 7.Bb3 d6 8.Nbd2 Nbd7
9.c3 b6 10.Nf1 Nc5 11.Bc2 Re8 12.Ng3 a5 13.d4 Ne6 14.h3 Bf8 15.Be3 Bb7 16.Qd2 Rad8
17.a3 g6 18.Rad1 Bg7 19.Bb3 exd4 20.cxd4 d5 21.e5 Ne4 22.Nxe4 dxe4 23.Ng5 Bxe5
24.Nxe6 fxe6 25.Qc2 Bg7 26.Qxe4 Qf7 27.Bg5 Rd6 28.Bf4 c5 29.d5 e5 30.Bg5 b5
31.a4 c4 32.Ba2 Rxd5 33.Qe2 e4 34.Be3 Rd3 35.axb5 Bd5 36.Rc1 Qb7 37.b6 Bd4
38.Bxd4 Rxd4 39.Bxc4 Qxb6 40.Bxd5+ Rxd5 41.Qc4 Qd4 42.Qa2 Kh8 43.Qb3 a4 44.Qc2 Rb5
45.Rcd1 Qxb2 46.Qxa4 Rf8 47.Qd4+ Qxd4 48.Rxd4 Rb2  1/2-1/2

[Event "Blitz Match"]
[Site "Baku AZE"]
[Date "2005.11.04"]
[Round "10"]
[White "Mamedyarov,S"]
[Black "Kasimdzhanov,R"]
[Result "1/2-1/2"]
[WhiteElo "2674"]
[BlackElo "2670"]


1.d4 Nf6 2.Nf3 g6 3.g3 Bg7 4.Bg2 O-O 5.O-O d6 6.b3 a5 7.Bb2 d5 8.c4 a4 9.Qc1 c6
10.Nc3 axb3 11.axb3 Rxa1 12.Bxa1 Na6 13.Qa3 Be6 14.Ne5 Qd6 15.c5 Qc7 16.b4 Ng4
17.Nxc6 bxc6 18.Qxa6 Bxd4 19.e3 Bg7 20.Ne2 Bc8 21.Qa4 e5 22.h3 Nf6 23.b5 cxb5
24.Qxb5 Bf5 25.Qb6 Qxb6 26.cxb6 Nd7 27.b7 Bd3 28.Re1 e4 29.Bxg7 Kxg7 30.Nf4 Bc4
31.Rd1 Nf6 32.Bf1 Rb8 33.Bxc4 dxc4 34.Rc1 Rxb7 35.Rxc4 Rb2 36.Rd4 Rb5 37.Kg2 Re5
38.Ne2 h5 39.Nc3 g5 40.Rc4 Kg6 41.Ra4 Re6 42.Rb4 Kf5 43.Rb5+ Re5 44.Rb7 Kg6
45.Rb4  1/2-1/2

[Event "WJun"]
[Site "Instanbul TUR"]
[Date "2005.11.09"]
[Round "1"]
[White "Mamedyarov,S"]
[Black "Krivokapic,M"]
[Result "1-0"]
[WhiteElo "2674"]
[BlackElo "2361"]

1.c4 Nf6 2.Nc3 e6 3.d4 d5 4.Nf3 dxc4 5.Bg5 c5 6.e3 a6 7.Bxc4 b5 8.Bd3 Nbd7
9.a4 b4 10.Ne4 Bb7 11.Rc1 cxd4 12.exd4 Be7 13.Qe2 O-O 14.O-O Nxe4 15.Bxe7 Qxe7
16.Bxe4 Nf6 17.Bxb7 Qxb7 18.Rc5 Rac8 19.Ne5 Qe4 20.Qxe4 Nxe4 21.Rc6 Rcd8
22.Nf3 a5 23.Re1 Nf6 24.Rec1 Rd5 25.Ra6 Ne4 26.h4 h6 27.Rc7 g5 28.hxg5 hxg5
29.Raa7 g4 30.Ne5 Rxd4 31.Nxf7 Nf6 32.Nh6+ Kh8 33.g3 Rd2 34.Nxg4  1-0

[Event "WJun"]
[Site "Instanbul TUR"]
[Date "2005.11.10"]
[Round "2"]
[White "Babujian,L"]
[Black "Mamedyarov,S"]
[Result "0-1"]
[WhiteElo "2429"]
[BlackElo "2674"]

1.e4 e5 2.Nf3 Nc6 3.Bb5 a6 4.Ba4 Nf6 5.d3 d6 6.c3 g6 7.Nbd2 Bg7 8.Nf1 O-O
9.Ng3 Nd7 10.O-O Nc5 11.Bxc6 bxc6 12.d4 Ne6 13.dxe5 dxe5 14.Be3 a5 15.Qa4 Ba6
16.Rfd1 Qb8 17.Rd2 Qb5 18.Qc2 a4 19.Ng5 Nf4 20.Rad1 Rab8 21.h4 Qc4 22.Bxf4 exf4
23.Ne2 Qxa2 24.Nxf4 Bc4 25.Re1 Rfd8 26.e5 a3 27.e6 axb2 28.e7 Re8 29.Qe4 Qa1
30.Kh2 Qxe1 31.Qxe1 Ba2 32.Qd1 b1=Q  0-1

[Event "WJun"]
[Site "Instanbul TUR"]
[Date "2005.11.11"]
[Round "3"]
[White "Mamedyarov,S"]
[Black "Heberla,B"]
[Result "1-0"]
[WhiteElo "2674"]
[BlackElo "2465"]

1.d4 c5 2.dxc5 Na6 3.e4 Nxc5 4.Nc3 d6 5.Be3 e6 6.Nf3 a6 7.Qd4 Ne7 8.Rd1 Nc6
9.Qd2 b5 10.a3 Be7 11.Bf4 e5 12.Be3 Be6 13.Be2 O-O 14.O-O Rc8 15.h3 Qc7 16.Rfe1 Rfd8
17.Ng5 Bxg5 18.Bxg5 f6 19.Be3 Ne7 20.Bg4 Bxg4 21.hxg4 Qc6 22.Bxc5 Qxc5 23.g5 f5
24.Qd3 fxe4 25.Nxe4 Qc4 26.Qh3 Rc6 27.g6 Nxg6 28.b3 Qf7 29.Ng5 Qf6 30.Qxh7+ Kf8
31.Ne4 Qe6 32.Rd3 d5 33.Rf3+ Ke8 34.Ng5 Qe7 35.Rf5 Rf6 36.Qg8+ Kd7 37.Qxd5+ Kc7
38.Qf3 Rdf8 39.Rxf6 gxf6 40.Ne4 f5 41.Qc3+ Kb8 42.Qc6  1-0

[Event "WJun"]
[Site "Instanbul TUR"]
[Date "2005.11.12"]
[Round "4"]
[White "Kuderinov,K"]
[Black "Mamedyarov,S"]
[Result "0-1"]
[WhiteElo "2432"]
[BlackElo "2674"]

1.e4 Nf6 2.Nc3 e5 3.Nf3 Bb4 4.Nxe5 O-O 5.Be2 Re8 6.Nd3 Bxc3 7.dxc3 Nxe4 8.c4 d6
9.O-O Nd7 10.Bf3 Ndf6 11.Re1 Bf5 12.Bxe4 Bxe4 13.Bg5 h6 14.Bh4 g5 15.Bg3 Qd7
16.f3 Bg6 17.Qd2 b6 18.Bf2 Qf5 19.Bd4 Re6 20.b3 Rae8 21.Bb2 Nd7 22.Qc3 f6
23.Nb4 a5 24.Nd5 c6 25.Ne3 Qf4 26.Ng4 Kg7 27.Rxe6 Rxe6 28.Re1 Rxe1+ 29.Qxe1 Ne5
30.Nxe5 dxe5 31.Bc1 Qf5 32.c5 bxc5 33.Qxa5 Qxc2 34.Be3 c4 35.Qa7+ Bf7 36.bxc4 Kg6
37.h3 Bxc4 38.a4 e4 39.fxe4 Qxe4 40.Qd4 Qc2 41.a5 h5 42.Bd2 Bd5 43.a6 Qb1+
44.Kf2 Qa2 45.a7 c5 46.Qd3+ Kg7 47.Kg1 Qa1+ 48.Kf2 Qe5 49.Bc3 Qe6 50.Kg1 h4
51.Qd2 Kg6 52.Qf2 c4 53.Qd4 Bc6 54.Kh2 Bd5 55.Kg1 Bb7 56.Kh2 Qc6 57.Qf2 f5
58.Kg1 Qe4 59.Qd2 Kh5 60.Bb2 Bd5 61.Kh2 Kg6 62.Kg1 f4 63.a8=Q Bxa8 64.Qd6+ Kh5
65.Qd1+ f3 66.Qxf3+ Qxf3 67.gxf3 Bxf3 68.Kf2 Bb7 69.Bc3 Bc8 70.Kg2 Bxh3+
71.Kxh3 g4+ 72.Kg2 Kg5 73.Bg7 Kf4 74.Bf6 h3+ 75.Kh2 Kf3 76.Bg7 g3+ 77.Kxh3 g2
78.Bd4 c3 79.Kh2 c2 80.Kh3  0-1

[Event "WJun"]
[Site "Instanbul TUR"]
[Date "2005.11.13"]
[Round "5"]
[White "Mamedyarov,S"]
[Black "Wojtaszek,R"]
[Result "1/2-1/2"]
[WhiteElo "2674"]
[BlackElo "2606"]

1.c4 Nf6 2.Nc3 c5 3.g3 d5 4.cxd5 Nxd5 5.Bg2 Nc7 6.Qb3 Nc6 7.Bxc6+ bxc6 8.Nf3 f6
9.d3 e5 10.O-O Be7 11.Be3 Ne6 12.Qa4 Bd7 13.Rfc1 Nd4 14.Bxd4 cxd4 15.Ne4 Qb6
16.Qc4 Qb4 17.Nc5 Qxc4 18.Rxc4 Bxc5 19.Rxc5 Ke7 20.Nd2 Rhb8 21.b3 Rb5 22.Rac1 Rab8
23.a4 Rxc5 24.Rxc5 Rb7 25.f4 exf4 26.gxf4 Kd6 27.Ra5 Be6 28.Ne4+ Ke7 29.Nc5 Rc7
30.b4 Bd5 31.Kf2 g5 32.Na6 Rb7 33.b5 cxb5 34.Nb4 Bf7 35.Nc6+ Kd6 36.axb5 Kc5
37.Nxa7 gxf4 38.Ra1 Bh5 39.Ra2 Bf7 40.Ra6 Bd5 41.Nc8 Rxb5 42.Ne7 f3 43.Nxd5 Kxd5
44.Kxf3 Ke5 45.Ra7 h5 46.Kg3 Ke6 47.Ra6+ Kf7 48.Ra7+ Kg6 49.Rd7 Re5 50.Kf2 Rf5+
51.Kg3 Re5 52.Kf2 Rf5+  1/2-1/2

[Event "WJun"]
[Site "Instanbul TUR"]
[Date "2005.11.14"]
[Round "6"]
[White "L'Ami,E"]
[Black "Mamedyarov,S"]
[Result "0-1"]
[WhiteElo "2541"]
[BlackElo "2674"]

1.e4 e5 2.Nf3 Nc6 3.Bb5 a6 4.Bxc6 dxc6 5.O-O Qd6 6.d4 exd4 7.Nxd4 Bd7 8.Nc3 O-O-O
9.Be3 Nf6 10.f3 Qe5 11.Nde2 Bd6 12.Bf4 Qc5+ 13.Kh1 Be6 14.Qc1 Bc4 15.Qe3 Qxe3
16.Bxe3 Be5 17.Rfe1 Bxe2 18.Rxe2 Bxc3 19.bxc3 Ne8 20.Kg1 Nd6 21.Kf2 b6 22.Ke1 c5
23.Rd1 Nb5 24.Rxd8+ Rxd8 25.Bd2 Kb7 26.Re3 Na3 27.Kd1 Nc4 28.Re2 a5 29.Kc1 Kc6
30.Bf4 Re8 31.Kd1 b5 32.Bc1 Rd8+ 33.Ke1 a4 34.Kf2 b4 35.cxb4 cxb4 36.Re1 Kb5
37.Ke2 c5 38.Rd1 Rxd1 39.Kxd1 Na5 40.Bb2 g6 41.Ke2 Nc6 42.Ke3 Kc4 43.f4 f5
44.exf5 gxf5 45.g4 a3 46.Bh8 Nd4 47.gxf5 Nxf5+ 48.Ke4 Nd6+ 49.Kf3 Kd5 50.Be5 Nf5
51.Ke2 c4 52.Kd2 h5 53.Kc1 h4 54.Bc7 h3 55.Ba5 Nd4 56.f5 b3 57.cxb3 cxb3
58.Kb1 b2 59.Bb4 Nxf5 60.Bxa3 Nd4 61.Bxb2 Nf3 62.Bc1 Ke4 63.Ba3 Nxh2 64.Bd6 Nf1  0-1

[Event "WJun"]
[Site "Instanbul TUR"]
[Date "2005.11.16"]
[Round "7"]
[White "Mamedyarov,S"]
[Black "Gashimov,V"]
[Result "1-0"]
[WhiteElo "2674"]
[BlackElo "2608"]

1.d4 Nf6 2.c4 e6 3.Nf3 b6 4.g3 Ba6 5.Qa4 c5 6.Bg2 Bb7 7.dxc5 Bxc5 8.O-O O-O
9.Nc3 Be7 10.Rd1 Na6 11.Bf4 Nc5 12.Qc2 Qc8 13.Rd4 d5 14.cxd5 Nxd5 15.Bg5 Bxg5
16.Nxg5 Nf6 17.Bxb7 Nxb7 18.Rad1 Rd8 19.Nge4 Nxe4 20.Rxd8+ Nxd8 21.Qxe4 h6
22.Nb5 a6 23.Nd6 Qc6 24.Qxc6 Nxc6 25.Rc1 Nd4 26.Rc7 Nb5 27.Rc8+ Rxc8 28.Nxc8 Nd4
29.Nxb6 Nxe2+ 30.Kf1 Nc1 31.a4 Kf8 32.Ke1 Ke7 33.Kd2 Nb3+ 34.Kc3 Nc5 35.b4 Nb7
36.Nc4 Kd8 37.Kd4 Kc7 38.h4 f6 39.h5 Kc6 40.f4 Kd7 41.b5 axb5 42.axb5 Kc7
43.f5 e5+ 44.Kd5 Kd7 45.g4 Nd8 46.Nd6 Ke7 47.Ne4 Nf7 48.Kc6 Kd8 49.b6 Kc8
50.b7+ Kb8 51.Nc5 Nd8+ 52.Kb6  1-0

[Event "WJun"]
[Site "Instanbul TUR"]
[Date "2005.11.17"]
[Round "8"]
[White "Alekseev,Evgeny"]
[Black "Mamedyarov,S"]
[Result "0-1"]
[WhiteElo "2632"]
[BlackElo "2674"]

1.c4 Nf6 2.Nc3 g6 3.e4 d6 4.g3 Bg7 5.Bg2 O-O 6.Nge2 c5 7.d3 Nc6 8.O-O a6
9.h3 Rb8 10.a4 Bd7 11.Be3 Ne8 12.d4 cxd4 13.Nxd4 Nc7 14.Kh2 Ne6 15.Nde2 Na5
16.b3 b5 17.cxb5 axb5 18.b4 Nc4 19.Ba7 bxa4 20.Bxb8 Qxb8 21.Nd5 Re8 22.Ra2 Nd8
23.Qc2 e6 24.Ndf4 Nb6 25.Rc1 Nc6 26.Nd3 Na7 27.Qd2 Bb5 28.Nc3 Bc4 29.Nxa4 Bxa2
30.Qxa2 Nd7 31.Nab2 h5 32.h4 Nb5 33.Nc4 Nf6 34.Kg1 Rc8 35.Qd2 Ng4 36.Na5 Bc3
37.Qd1 Rc7 38.Bf1 Qa7 39.Qa4 Nxf2 40.Nxf2 Qe3 41.Qd1 Bd4 42.Rc2 Qxg3+ 43.Bg2 Be3
44.Nb3 Rxc2 45.Qxc2 Bxf2+ 46.Qxf2 Qxb3  0-1

[Event "WJun"]
[Site "Instanbul TUR"]
[Date "2005.11.18"]
[Round "9"]
[White "Mamedyarov,S"]
[Black "Stellwagen,D"]
[Result "1-0"]
[WhiteElo "2674"]
[BlackElo "2561"]

1.Nf3 Nf6 2.c4 g6 3.b4 Bg7 4.Bb2 O-O 5.e3 d6 6.d4 Nbd7 7.Be2 e5 8.O-O Re8
9.Nc3 e4 10.Nd2 Nf8 11.Qb3 h5 12.Rae1 N8h7 13.f3 exf3 14.Bxf3 Ng5 15.e4 Ng4
16.Nd5 c6 17.Nf4 a5 18.h3 Nf6 19.b5 a4 20.Qd3 Nd7 21.Bxh5 cxb5 22.cxb5 Nb6
23.Qg3 Ra5 24.Bc3 Rxb5 25.Be2 Bd7 26.Bxb5 Bxb5 27.Rf2 Nc4 28.Nxc4 Bxc4 29.e5 dxe5
30.dxe5 Ne6 31.Nxe6 Rxe6 32.Qf4 Qc7 33.Rd1 b5 34.a3 Bxe5 35.Bxe5 Rxe5 36.Rd8+ Qxd8
37.Qxe5 Qd5 38.Qxd5 Bxd5 39.Rb2 Bc4 40.Kf2 g5 41.Rd2 Kg7 42.Rd6 f6 43.g3 Kg6
44.h4 Kh5 45.Rd4 Bb3 46.Kf3 Be6 47.Rd8 Bg4+ 48.Ke3 Be6 49.Rh8+ Kg6 50.Ke4 Bg4
51.Rg8+ Kf7 52.Rb8 gxh4 53.gxh4 Be2 54.Ke3 Bc4 55.Rc8 Kg6 56.Rc5 Kh6 57.Kf4 Kg6
58.h5+ Kh6 59.Kg4 Be2+ 60.Kh4 Bc4 61.Rc7 Ba2 62.Rc6 Kg7 63.Rc1 Bf7 64.Rc7 Kg8
65.h6 Bc4 66.h7+ Kh8 67.Kh5  1-0

[Event "WCC"]
[Site "Khanty Mansyisk RUS"]
[Date "2005.11.27"]
[Round "1.2"]
[White "Mamedyarov,S"]
[Black "Ibraev,N"]
[Result "1-0"]
[WhiteElo "2674"]
[BlackElo "2508"]

1.d4 Nf6 2.c4 e6 3.Nf3 b6 4.a3 Ba6 5.Qc2 d5 6.cxd5 exd5 7.g3 Be7 8.Bg2 O-O
9.O-O Bb7 10.Nc3 c5 11.Rd1 Nbd7 12.Bf4 a6 13.dxc5 Nxc5 14.Nd4 Bd6 15.Bxd6 Qxd6
16.Nf5 Qe6 17.Nxd5 Nxd5 18.Bxd5 Bxd5 19.Rxd5 Rfe8 20.Qc3 f6 21.Ne3 Rac8 22.Rad1 Na4
23.Qd4 b5 24.Rd7 Re7 25.Rxe7 Qxe7 26.Nf5 Qc7 27.Qg4 Kh8 28.Nxg7 Rg8 29.Ne6 Qe5
30.Rd8 Rxd8 31.Qg7+  1-0

[Event "WCC"]
[Site "Khanty Mansyisk RUS"]
[Date "2005.11.29"]
[Round "1.4"]
[White "Mamedyarov,S"]
[Black "Ibraev,N"]
[Result "1-0"]
[WhiteElo "2674"]
[BlackElo "2508"]

1.d4 Nf6 2.c4 e6 3.Nf3 b6 4.g3 Ba6 5.Qa4 Bb7 6.Bg2 c5 7.dxc5 Bxc5 8.O-O O-O
9.Nc3 Be7 10.Rd1 Na6 11.Bf4 Qc8 12.Nb5 Ne4 13.Nd6 Nxd6 14.Bxd6 Bxd6 15.Rxd6 Nc5
16.Qa3 Qc7 17.Rad1 Bd5 18.R6xd5 exd5 19.Rxd5 Ne4 20.Qd3 Nf6 21.Rd6 Rac8 22.b3 Qc5
23.e3 Rfe8 24.Rd4 Qa3 25.Bh3 Rc7 26.Bxd7 Rxd7 27.Rxd7 Nxd7 28.Qxd7 Qe7 29.Qxe7 Rxe7
30.Kf1 Rd7 31.Ke2 f6 32.Nd4 Kf7 33.b4 Ke7 34.Kd3 Kd6 35.a3 g6 36.e4 a6 37.f4 Rd8
38.h4 Rd7 39.g4 Rf7 40.Ke3 Rc7 41.Kd3 Rf7 42.Nf3 a5 43.Nd4 axb4 44.axb4 Rf8
45.c5+ bxc5 46.bxc5+ Kd7 47.Kc4 Ke7 48.Nc6+ Kd7 49.Kd5 h5 50.gxh5 gxh5 51.Nd4 Rd8
52.c6+ Kc7+ 53.Kc5 Re8 54.Nb5+ Kd8 55.c7+ Kd7 56.Nd6  1-0

[Event "WCC"]
[Site "Khanty Mansyisk RUS"]
[Date "2005.11.30"]
[Round "2.1"]
[White "Mamedyarov,S"]
[Black "Najer,E"]
[Result "1/2-1/2"]
[WhiteElo "2674"]
[BlackElo "2641"]

1.c4 e5 2.Nc3 Nc6 3.Nf3 Nf6 4.g3 Nd4 5.Bg2 Nxf3+ 6.Bxf3 Bc5 7.Rb1 a5 8.a3 c6
9.b4 axb4 10.axb4 Bd4 11.Qb3 d5 12.cxd5 cxd5 13.e3 e4 14.Bg2 Be5 15.O-O Be6
16.Ne2 d4 17.Qd1 d3 18.Nf4 Ba2 19.Bb2 Bxf4 20.gxf4 Bxb1 21.Qxb1 O-O 22.Bxf6 Qxf6
23.Bxe4 Qe6 24.Bxd3 Qg4+ 25.Kh1 Qf3+ 26.Kg1 Qg4+  1/2-1/2

[Event "WCC"]
[Site "Khanty Mansyisk RUS"]
[Date "2005.12.01"]
[Round "2.2"]
[White "Najer,E"]
[Black "Mamedyarov,S"]
[Result "1/2-1/2"]
[WhiteElo "2641"]
[BlackElo "2674"]

1.e4 e5 2.Nf3 d6 3.d4 exd4 4.Nxd4 Nf6 5.Nc3 Be7 6.Bc4 O-O 7.O-O c6 8.a3 Re8
9.Ba2 Bf8 10.Bg5 Nbd7 11.f4 Nc5 12.Qf3 Ne6 13.Nf5 d5 14.exd5 Nc7 15.Ne3 Bc5
16.f5 h6 17.Bxf6 Qxf6 18.Ne4 Bxe3+ 19.Qxe3 Qe5 20.Qc3 cxd5 21.Qxe5 Rxe5 22.Nd6 Bd7
23.Rae1 Rxe1 24.Rxe1 Kf8 25.c4 Bc6 26.f6 gxf6 27.cxd5 Bxd5 28.Bxd5 Nxd5 29.Rd1 Ne3
30.Re1 Nc2 31.Re2 Rd8 32.Nxb7 Rd1+ 33.Kf2 Nd4 34.Re4 Rd2+ 35.Ke3 Rxb2 36.Rxd4 Rxb7
37.Ra4 Kg7 38.Kf4 Kg6 39.g4 Rb2 40.Ke4  1/2-1/2

[Event "Corus A"]
[Site "Wijk aan Zee NED"]
[Date "2006.01.17"]
[Round "4"]
[White "Mamedyarov,S"]
[Black "Tiviakov,S"]
[Result "1/2-1/2"]
[WhiteElo "2709"]
[BlackElo "2669"]

1.d4 Nf6 2.c4 e6 3.Nc3 Bb4 4.e3 c5 5.Ne2 cxd4 6.exd4 O-O 7.a3 Be7 8.Nf4 d5
9.cxd5 Nxd5 10.Ncxd5 exd5 11.Bd3 Nc6 12.O-O Bf6 13.Be3 g6 14.Qd2 Qd6 15.Bc2 Ne7
16.Rac1 b6 17.Nd3 Bf5 18.Bf4 Qd8 19.Ne5 Bxc2 20.Qxc2 Nf5 21.Qa4 Re8 22.Rfe1 Bg7
23.h3 b5 24.Qxb5 Nxd4 25.Qb7 Qf6 26.Bg3 Qf5 27.Rc7 Qe6 28.Rxf7 Bxe5 29.Rxh7 Reb8
30.Qd7 Qxd7 31.Rxd7 Bxg3 32.fxg3 Rd8 33.Rb7 Rdb8 34.Rd7 Rd8 35.Rb7 Re8 36.Rf1 Rf8
37.Rd1 Ne2+ 38.Kh2 d4 39.Rd2 Rfe8 40.Rd7 a5 41.b4 axb4 42.axb4 Ra3 43.Rc2 Rae3
44.Rcc7 Rxg3 45.b5 Rb3 46.Rg7+ Kh8 47.Rh7+ Kg8 48.Rcg7+ Kf8 49.Rb7 Kg8 50.Rhg7+ Kh8
51.b6 Rxb6 52.Rh7+  1/2-1/2